000 00788cab a2200217 4500
001 WB3412-28
008 090401t1998 xxu||||| |||| 00| 0 eng d
035 _a(Sirsi) u85236
041 _aeng
245 _aLandlord and tenant
260 _c1998
350 _a0
490 _aEstates Gazette Case Summaries
_v[1998] EGCS 41 (21/3/98)
520 _a"Braid v Walsall MBC" CA 10 March 1998. Construction of lease - rent review provision - whether rent payable to be assessed disregarding buildings now or hereafter standing on land - Judge including buildings on land - Appeal allowed.
650 _aBRAID V WALSALL MBC
650 _aDISREGARDS
650 _aRENT REVIEW PROVISIONS
690 _aLANDLORD AND TENANT-CASE LAW-RENT REVIEW
942 _n0
948 _c26/03/1998
999 _c53577
_d53577